000 00969nas a2200265Ia 4500
001 R034/66616
003 IT-RoPAU
008 151124c99999999xx |||||||||||| ||und||
040 _aIT-RoPAU
040 _cIT-RoPAU
041 _aITALIANO
100 _aAA.VV.
_gCodice Aut. SPICS: 12000
210 _aSEGNALAZIONI CINEMATOGRAFICHE
222 _aSegnalazioni Cinematografiche
245 _aSEGNALAZIONI CINEMATOGRAFICHE, 1986 (VOLUME 101)
_bSegnalazioni Cinematografiche, 1986 (Volume 101)
250 _a1a ed.
260 _aROMA
_bCENTRO CATTOLICO CINEMATOGRAFICO
_c1986
501 _bPaulus - SPICS - Società San Paolo EM (non-commercial uses only)
_cCopyright2015
300 _a248 p.
310 _aSEMESTRALE
362 _a (VOLUME 101)
500 _aSchede Filmografiche con Soggetto del Film, Valutazione Pastorale e Morale. Indici Alfabetici Secondo le Varie Classificazioni del C.C.C.
650 _aCINEMA
_vPUBBLICAZIONE PERIODICA
942 _cCR
999 _c187680
_d187680